<?xml version="1.0" encoding="UTF-8"?>
<marc:record xmlns:marc="http://www.loc.gov/MARC21/slim">
   <marc:leader>00000nam a2200000 a 4500</marc:leader>
   <marc:datafield ind1=" " ind2=" " tag="653">
      <marc:subfield code="a">Alte Menschen</marc:subfield>
   </marc:datafield>
   <marc:datafield ind1=" " ind2=" " tag="653">
      <marc:subfield code="a">Pflege</marc:subfield>
   </marc:datafield>
   <marc:datafield ind1="0" ind2="0" tag="245">
      <marc:subfield code="a">Pflege älterer Migrantinnen und Migranten in Österreich. Bachelorarbeiten zur Erlangung des akademischen Grades "Bachelor"</marc:subfield>
   </marc:datafield>
   <marc:datafield ind1="0" ind2="0" tag="245">
      <marc:subfield code="b">Verfasserin: Verena Maria Gruber</marc:subfield>
   </marc:datafield>
   <marc:datafield ind1="1" ind2=" " tag="520">
      <marc:subfield code="a">Studiengang: "Nonprofit-, Sozial- &amp; Gesundheitsmanagement", Managementcenter Innsbruck&lt;br/&gt;Begutachtender: Siegfried Walch</marc:subfield>
   </marc:datafield>
</marc:record>
